El concepto de Kenny de la parálisis infantil y su tratamiento / (Record no. 120404)

MARC details
000 -LEADER
campo de control de longitud fija 00718nam a2200193 4500
001 - NÚMERO DE CONTROL
campo de control 120404
003 - IDENTIFICADOR DE NÚMERO DE CONTROL
campo de control ES-MaACL
005 - FECHA Y HORA DE LA ÚLTIMA TRANSACCIÓN
campo de control 20230906191537.0
007 - CAMPO FIJO DE DESCRIPCIÓN FÍSICA--INFORMACIÓN GENERAL
campo de control de longitud fija t|
008 - DATOS DE LONGITUD FIJA--INFORMACIÓN GENERAL
campo de control de longitud fija 070214s1945 ag r ||||1| spa d
100 1# - ENTRADA PRINCIPAL--NOMBRE DE PERSONA
Nombre de persona Pohl, John F.
9 (RLIN) 92741
245 13 - MENCIÓN DEL TÍTULO
Título El concepto de Kenny de la parálisis infantil y su tratamiento /
Mención de responsabilidad, etc. John F. Pohl ; en colaboración con la hermana Elizabeth Kenny ; prólogo de Frank R. Ober ; traducción directa del inglés por Clovis Bone.
260 ## - PUBLICACIÓN, DISTRIBUCIÓN, ETC.
Lugar de publicación, distribución, etc. Buenos Aires :
Nombre del editor, distribuidor, etc. Hachette,
Fecha de publicación, distribución, etc. 1945.
300 ## - DESCRIPCIÓN FÍSICA
Extensión 311 p., 16 lám. :
Otras características físicas il. ;
Dimensiones 24 cm.
700 1# - ENTRADA AGREGADA--NOMBRE PERSONAL
Nombre de persona Kenny, Elizabeth.
9 (RLIN) 67858
700 1# - ENTRADA AGREGADA--NOMBRE PERSONAL
Nombre de persona Ober, Frank R.
9 (RLIN) 86381
700 1# - ENTRADA AGREGADA--NOMBRE PERSONAL
Nombre de persona Bone, Clovis.
9 (RLIN) 30096
852 ## - LOCALIZACIÓN
Ubicación ES-MaACL
Número de control de estantería C-4741
Sublocalización o colección R.25234
Holdings
Estatus retirado Estado de pérdida Estado de daño No para préstamo Biblioteca de origen Biblioteca actual Ubicación en estantería Fecha de adquisición Fuente de adquisición Total de préstamos Signatura topográfica completa Código de barras Visto por última vez Precio de reemplazo Tipo de ítem Koha
        Biblioteca del Ateneo de Madrid Biblioteca del Ateneo de Madrid Sala Palomar 17/01/2008     C-4741 1125499 23/02/2023 23/02/2023 Libro impreso